000 00436nam a2200181Ia 4500
001 20069
005 20260306172739.0
008 260306t2003||||xx |||||||||||||| ||spa||
041 _aESP
082 _a342.211
_bM22 V. 5
100 _aUniversidad de Navarra
_eAUT
245 0 _aManual de derechos ciudadanos
260 _c2003
300 _a143 páginas :
_c21 cm.
650 _aGEN
654 _aCDE
942 _cLIB
_dJUS
_fJUS
_2ddc
_n
999 _c20069
_d20069